000 00356nam a2200133Ia 4500
008 100328s9999 xx 000 0 und d
082 _b45767
100 _aतेंडुलकर विजय
245 _aरामप्रहर
260 _bऋतु
630 _aरामप्रहर
730 _aरामप्रहर
942 _cBOOK
999 _c533855
_d533852